| 000 | 00701nam a2200265 a 4500 | ||
|---|---|---|---|
| 003 | AR-BaBNM | ||
| 005 | 20251128203425.0 | ||
| 008 | 082120s2002 ||||||||||||||000 | spa|| | ||
| 040 | _cAR-BaBNM | ||
| 100 | 1 | _aTrusso, Francisco Eduardo | |
| 245 | 0 | 0 | _aDe la legitimidad revolucionaria a la legitimidad constitucional |
| 260 |
_aBuenos Aires _bEudeba _c1968 |
||
| 300 | _a148 p. | ||
| 500 | _aApéndice p. 113-139 | ||
| 504 | _aBibliografĂa p. 141-146 | ||
| 650 | 4 | _aHISTORIA ARGENTINA | |
| 650 | 4 | _aDERECHO | |
| 650 | 4 | _aDEMOCRACIA | |
| 650 | 4 | _aMONARQUIA | |
| 650 | 4 | _aCIENCIAS POLITICAS | |
| 650 | 4 | _aSISTEMAS POLITICOS | |
| 650 | 4 | _aLEGISLACION | |
| 942 | _cBK | ||
| 998 | _cmariana | ||
| 999 |
_c3320 _d3320 |
||